Cosas pequeñas y extraordinarias /
¿Cómo vivieron la dictadura las chicas y los chicos? ¿Cómo atravesaron la experiencia de la desaparición y el exilio? Ema tiene que irse de su país y dejar atrás sus afectos y sus cosas. Llega a un lugar extraño, pero poco a poco descubre que puede hacer nuevos amigos. Ema tiene 8 años y es coleccio...
Guardado en:
| Autor Principal: | |
|---|---|
| Otros Autores: | , |
| Formato: | Libro |
| Publicado: |
Buenos Aires :
Limonero,
2025.
|
| Edición: | 1a ed. |
| Series: | Biblioteca para una pedagogía de la memoria
|
| Materias: | |
| Etiquetas: |
Agregar Etiqueta
Sin Etiquetas, Sea el primero en etiquetar este registro!
|
| LEADER | 01781nam a22002775a 4500 | ||
|---|---|---|---|
| 001 | CEM.cems025067 | ||
| 008 | 260203s2025#############b####000#0#####d | ||
| 005 | 20260211090831.0 | ||
| 245 | 1 | 0 | |a Cosas pequeñas y extraordinarias / |c Daniela Arroio y Micaela Gramajo ; ilustrado por Nono Pautasso. |
| 250 | |a 1a ed. | ||
| 260 | |a Buenos Aires : |b Limonero, |c 2025. | ||
| 300 | |a 64 p. | ||
| 490 | 0 | |a Biblioteca para una pedagogía de la memoria | |
| 500 | |a Edición especial de la Dirección General de Cultura y Educación de la Provincia de Buenos Aires. | ||
| 520 | |a ¿Cómo vivieron la dictadura las chicas y los chicos? ¿Cómo atravesaron la experiencia de la desaparición y el exilio? Ema tiene que irse de su país y dejar atrás sus afectos y sus cosas. Llega a un lugar extraño, pero poco a poco descubre que puede hacer nuevos amigos. Ema tiene 8 años y es coleccionista. En su cuarto armó un museo con objetos chiquitos y maravillosos que es su gran orgullo. Pero un día tiene que abandonar su casa, su vida cotidiana y también su museo porque su tío fue secuestrado y su familia se ve obligada a marchar al exilio. Ema llega a un nuevo país, no conoce el idioma ni las comidas. Tampoco tiene su museo, y ve todo en blanco y negro. Sin embargo, con el tiempo se hace nuevos amigos y descubre que hay cosas pequeñas y etraordinarias en todas partes. | ||
| 020 | |a 9786319024173 | ||
| 100 | 1 | |a Arroio, Daniela. | |
| 700 | 1 | |a Gramajo, Micaela. | |
| 700 | 1 | |a Pautasso, Nono; il. | |
| 653 | |a Literatura infantil y juvenil | ||
| 653 | |a Novela infantil | ||
| 653 | |a Novela argentina | ||
| 653 | |a Literatura argentina | ||
| 653 | |a Exilio | ||
| 653 | |a Biblioteca para una pedagogía de la memoria | ||
| 859 | |a CEMS |b BIB. CEMS - 11 de abril |h M863.4 |i Ar696 |p 30551.25 |t Ej.1 | ||
